| 000 | 00000nam##2200000za#4500 |
| 001 | 9.613902 |
| 003 | CaOODSP |
| 005 | 20211126112847 |
| 007 | ta |
| 008 | 150406|1997||||xxc||||| f|0| 0 eng|d |
| 020 | |a0-662-25874-6 |
| 022 | |a1192-5434 |
| 040 | |aCaOODSP|beng |
| 043 | |an-cn--- |
| 086 | 1 |aFB3-2/97-13E |
| 110 | 2 |aBank of Canada. |
| 245 | 10|aWhat does downward nominal-wage rigidity imply for monetary policy? / |cby Seamus Hogan. |
| 260 | |aOttawa - Ontario : |bBank of Canada |c1997. |
| 300 | |a29p. : |bgraphs, references ; |c28 cm. |
| 490 | 1 |aWorking paper|x1192-5434|v97-13 |
| 546 | |aRésumés en français |
| 563 | |aSoftcover |
| 590 | |a97-28|b1997-07-11 |
| 720 | 1 |aHogan, Seamus |
| 776 | 0#|tWhat does downward nominal-wage rigidity imply for monetary policy? / |w(CaOODSP)9.571660 |
| 830 | #0|aWorking paper,|x1192-5434|v97-13|w(CaOODSP)9.514622 |